| 000 | 00427nam a22001457a 4500 | ||
|---|---|---|---|
| 082 | _aP-82 | ||
| 100 |
_aM.Usman Iqbal _947842 |
||
| 245 |
_aSoil investigation & Foundation Design for Corps Head Quarter & Under Ground Command Post _cM. Usman Iqbal: Farooq Ahmad |
||
| 260 |
_aRisalpur: _bMCE, _c2000. |
||
| 300 | _a71 p.: | ||
| 526 |
_a0 _b0 _c0 _dP_82 |
||
| 650 | _aProject | ||
| 700 |
_aDS Maj Abeer _947843 |
||
| 942 |
_2ddc _cBK |
||
| 999 |
_c550956 _d550956 |
||